[Event "55smm A Deutschnofen-Richter/Lask"]
[Site "?"]
[Date "2024.01.27"]
[Round "6.4"]
[White "De Eccher, Stefano"]
[Black "Zamengo, Fulvio"]
[Result "0-1"]
[WhiteElo "2175"]
[BlackElo "2345"]
[PlyCount "80"]
[EventDate "2024.01.24"]

1. e4 e6 2. d4 d5 3. Nc3 Nf6 4. Bg5 dxe4 5. Nxe4 Be7 6. Bxf6 gxf6 7. Nf3 f5 8.
Nc3 a6 9. g3 b5 10. Bg2 Bb7 11. O-O O-O 12. Ne5 Bxg2 13. Kxg2 b4 14. Na4 Qd5+
15. Qf3 Qxf3+ 16. Nxf3 Nc6 17. Rfd1 Rfd8 18. c4 bxc3 19. Nxc3 Bf6 20. d5 Bxc3
21. dxc6 Bxb2 22. Rxd8+ Rxd8 23. Rb1 Ba3 24. Rb7 Bd6 25. Ra7 Rb8 26. Rxa6 Rb2
27. Ne1 Rd2 28. Nf3 Rc2 29. Nd4 Rb2 30. Ra8+ Kg7 31. Rd8 Bc5 32. Rd7 Kg6 33. a4
Bb6 34. Nb5 Rxf2+ 35. Kh1 Rc2 36. Nxc7 Rxc6 37. Ne8 Kg5 38. Nd6 Kg4 39. Kg2
Rc2+ 40. Kf1 Kf3 0-1

[Event "55smm A Deutschnofen-Richter/Lask"]
[Site "?"]
[Date "2024.01.27"]
[Round "6.4"]
[White "Lain, Luigi"]
[Black "Billio, Atto"]
[Result "1-0"]
[WhiteElo "2243"]
[BlackElo "2004"]
[PlyCount "35"]
[EventDate "2024.01.24"]

1. d4 f5 2. g3 e6 3. Bg2 Nf6 4. Nf3 d5 5. O-O Be7 6. c4 Ne4 7. b3 h5 8. Ne5 Bf6
9. f3 Ng5 10. Nc3 c6 11. cxd5 exd5 12. e4 fxe4 13. Bxg5 Bxg5 14. fxe4 Be3+ 15.
Kh1 h4 16. Qf3 Qg5 17. Nf7 hxg3 18. Nxh8 1-0

[Event "55smm A Deutschnofen-Richter/Lask"]
[Site "?"]
[Date "2024.01.27"]
[Round "6.4"]
[White "Tonina, Filippo"]
[Black "Kowalczyk, Martin"]
[Result "1-0"]
[WhiteElo "1946"]
[BlackElo "1753"]
[PlyCount "75"]
[EventDate "2024.01.24"]

1. d4 Nf6 2. c4 e6 3. Nc3 Bb4 4. a3 Bxc3+ 5. bxc3 c5 6. f3 O-O 7. e4 d5 8. cxd5
exd5 9. e5 Nfd7 10. f4 Nc6 11. Nf3 Re8 12. Bd3 Nf8 13. O-O Bg4 14. Be3 cxd4 15.
cxd4 Ne6 16. Qb1 g6 17. f5 gxf5 18. Bxf5 Bxf3 19. Rxf3 Nexd4 20. Bxh7+ Kg7 21.
Rxf7+ Kxf7 22. Qg6+ Ke7 23. Bg5+ Kd7 24. Bxd8 Raxd8 25. Re1 Nxe5 26. Rxe5 Rxe5
27. h4 Ne2+ 28. Kh2 Rde8 29. Qg7+ R8e7 30. Bf5+ Kc7 31. Qf8 a6 32. h5 d4 33. h6
Re8 34. Qf7+ R5e7 35. Qc4+ Kb8 36. h7 Rg7 37. g4 b6 38. Qxa6 1-0

[Event "55smm A Groeden-Richter/Lask2"]
[Site "?"]
[Date "2024.01.27"]
[Round "6.1"]
[White "Fongarolli, Diego"]
[Black "Casadio, Niccolo"]
[Result "0-1"]
[WhiteElo "1883"]
[BlackElo "2107"]
[PlyCount "44"]
[EventDate "2024.01.24"]

1. e4 e6 2. d4 d5 3. Nd2 Be7 4. Ngf3 Nf6 5. e5 Nfd7 6. Bd3 c5 7. c3 Nc6 8. O-O
g5 9. dxc5 g4 10. Nd4 Ndxe5 11. Bb5 Bd7 12. Re1 h5 13. N2b3 Ng6 14. Nxc6 bxc6
15. Bd3 Rg8 16. Qd2 Qc7 17. c4 a5 18. a4 Qb8 19. Ra3 Ne5 20. Qc2 Nf3+ 21. gxf3
gxf3+ 22. Kh1 Rg2 0-1

[Event "55smm A Groeden-Richter/Lask2"]
[Site "?"]
[Date "2024.01.24"]
[Round "6.2"]
[White "Demetz, Rainer"]
[Black "Unterweger, Jonas"]
[Result "1-0"]
[WhiteElo "2201"]
[BlackElo "1731"]
[PlyCount "77"]
[EventDate "2024.01.24"]

1. Nf3 d5 2. c4 e6 3. g3 Nf6 4. Bg2 Be7 5. O-O O-O 6. b3 Nc6 7. d4 Ne4 8. Bb2
Bf6 9. Nc3 Nxc3 10. Bxc3 a5 11. Rc1 Qd6 12. Re1 Rd8 13. e3 b6 14. Bb2 Bb7 15.
h4 a4 16. c5 bxc5 17. Ba3 axb3 18. Bxc5 Qd7 19. axb3 Be7 20. Qc2 Bxc5 21. Qxc5
Ra5 22. Qc3 Rda8 23. b4 Ra3 24. Qc5 Rb3 25. b5 Nd8 26. Bf1 c6 27. Ne5 Qc7 28.
bxc6 Ba6 29. Bxa6 Rxa6 30. Nd7 h6 31. Qf8+ Kh7 32. Nc5 Rbb6 33. Nxa6 Rxa6 34.
Rc5 Nxc6 35. Rec1 Qd7 36. h5 Rb6 37. Qa8 Ne7 38. Rc7 Qd6 39. Qe8 1-0

[Event "55smm A Groeden-Richter/Lask2"]
[Site "?"]
[Date "2024.01.27"]
[Round "6.3"]
[White "Gruber, Martin"]
[Black "Bernardi, Ruben"]
[Result "0-1"]
[WhiteElo "1611"]
[BlackElo "2042"]
[PlyCount "64"]
[EventDate "2024.01.24"]

1. e4 e5 2. Nf3 d5 3. exd5 e4 4. Qe2 Nf6 5. Nc3 Be7 6. Nxe4 O-O 7. d3 Nxd5 8.
Bd2 Re8 9. O-O-O f5 10. h4 Nc6 11. Nfg5 g6 12. c3 Bf6 13. f4 Bxg5 14. hxg5 fxe4
15. dxe4 Bf5 16. e5 Qc8 17. g3 Qe6 18. Qh2 Re7 19. Bc4 Na5 20. Bxd5 Qxd5 21. b3
Qd3 22. Kb2 Qc2+ 23. Ka1 Rd8 24. c4 Rd3 25. Qe2 Rxb3 26. Bxa5 Qxe2 27. axb3 Qc2
28. Rd8+ Kg7 29. Bb4 Rd7 30. Bf8+ Kg8 31. Rb8 Qc3+ 32. Ka2 Rd2+ 0-1

[Event "55smm A Groeden-Richter/Lask2"]
[Site "?"]
[Date "2024.01.27"]
[Round "6.4"]
[White "Moroder, Thomas"]
[Black "Unterweger, Christian"]
[Result "1-0"]
[WhiteElo "2012"]
[BlackElo "1533"]
[PlyCount "45"]
[EventDate "2024.01.24"]

1. e4 e5 2. Nf3 Nc6 3. d4 exd4 4. Nxd4 Nf6 5. Nxc6 bxc6 6. Qe2 d5 7. exd5+ Be7
8. dxc6 O-O 9. Be3 Re8 10. Nd2 Bc5 11. O-O-O Qd5 12. Qc4 Bxe3 13. fxe3 Rxe3 14.
Qxd5 Nxd5 15. Nc4 Bg4 16. Nxe3 Nxe3 17. Re1 Rd8 18. Be2 Bf5 19. Bd3 Nxg2 20.
Bxf5 Nxe1 21. Rxe1 g6 22. Bd7 Kg7 23. b4 1-0

[Event "55smm A Groeden-Richter/Lask2"]
[Site "?"]
[Date "2024.01.27"]
[Round "6.5"]
[White "Pardeller, Arthur"]
[Black "Grossi, Christian"]
[Result "0-1"]
[WhiteElo "1516"]
[BlackElo "1905"]
[PlyCount "78"]
[EventDate "2024.01.24"]

1. d4 g6 2. c4 Bg7 3. Nc3 d6 4. Nf3 Nc6 5. e3 Nf6 6. Be2 O-O 7. O-O Re8 8. a3
e5 9. d5 Nb8 10. e4 Nbd7 11. Bg5 h6 12. Bd2 Nc5 13. Qc2 a5 14. b4 Ncd7 15. Nb5
b6 16. h3 Nh5 17. Qc1 Nf4 18. Re1 Nf6 19. Bf1 N6h5 20. Kh2 g5 21. g3 Nxh3 22.
Bxh3 g4 23. Bxg4 Bxg4 24. Nh4 axb4 25. axb4 Rxa1 26. Qxa1 Bf6 27. Ng2 Bg5 28.
Qc1 Qf6 29. Bxg5 hxg5 30. Qd2 Qh6 31. Kg1 Kg7 32. Ne3 Bd7 33. Kf1 Nf6 34. Nc3
Qh5 35. Qd1 Ng4 36. Nf5+ Bxf5 37. exf5 Nh2+ 38. Kg2 g4 39. Re4 Qh3+ 0-1

[Event "55smm A Groeden-Richter/Lask2"]
[Site "?"]
[Date "2024.01.27"]
[Round "6.6"]
[White "Casadio, Lorenzo"]
[Black "Vigl, Josef"]
[Result "1-0"]
[WhiteElo "1863"]
[BlackElo "1189"]
[PlyCount "75"]
[EventDate "2024.01.24"]

1. Nf3 Nf6 2. c4 d6 3. d4 Nc6 4. Nc3 e6 5. e4 Be7 6. Bf4 a6 7. Be2 h6 8. Qd2 b6
9. O-O Bb7 10. Rfd1 Nh5 11. Be3 Nf6 12. Rac1 Qd7 13. Qc2 O-O 14. a3 Rad8 15. h3
Qc8 16. Nb1 e5 17. d5 Na7 18. Nbd2 Rd7 19. Nf1 Rfd8 20. Ng3 c5 21. Nf5 Bf8 22.
Nh2 Kh7 23. Ng4 Ng8 24. Qd2 f6 25. Rc3 g5 26. Rdc1 Rf7 27. Bd1 h5 28. Nh2 Kg6
29. Bxg5 fxg5 30. Rg3 Rxf5 31. exf5+ Qxf5 32. Bc2 e4 33. Bxe4 Bh6 34. Bxf5+
Kxf5 35. Qd3+ Kf6 36. Qh7 Bc8 37. Rf3+ Bf5 38. Rxf5# 1-0

[Event "55smm A Steinegg-Klausen"]
[Site "?"]
[Date "2024.01.27"]
[Round "6.1"]
[White "Schacher, Gerd"]
[Black "Engl, Stefan"]
[Result "1-0"]
[WhiteElo "2253"]
[BlackElo "1992"]
[PlyCount "77"]
[EventDate "2024.01.24"]

1. Nf3 e6 2. g3 f5 3. c4 Nf6 4. Bg2 Be7 5. O-O O-O 6. d3 d6 7. Nc3 Qe8 8. Rb1
Qh5 9. e3 e5 10. Nd2 Qh6 11. f4 Nc6 12. Nf3 Kh8 13. b4 exf4 14. gxf4 Be6 15.
Nb5 Bg8 16. Nfd4 Nxd4 17. Nxd4 Qg6 18. Kh1 Rab8 19. Bh3 Ng4 20. Nxf5 Qxf5 21.
Bxg4 Qf7 22. Bf3 Bf6 23. Bb2 b5 24. cxb5 Qxa2 25. Bxf6 Rxf6 26. Ra1 Qe6 27. Qd2
Rxb5 28. Rxa7 c5 29. bxc5 dxc5 30. Ra8 Qf7 31. d4 Rfb6 32. dxc5 Rb8 33. Rxb8
Rxb8 34. c6 Qe7 35. Rc1 Rd8 36. Qc3 Qc7 37. Qe5 Rd6 38. Qxd6 Qxd6 39. c7 1-0

[Event "55smm A Steinegg-Klausen"]
[Site "?"]
[Date "2024.01.27"]
[Round "6.2"]
[White "Pichler, Martin"]
[Black "Seebacher, Michael"]
[Result "0-1"]
[WhiteElo "1888"]
[BlackElo "2087"]
[PlyCount "66"]
[EventDate "2024.01.24"]

1. e4 c5 2. Nc3 Nc6 3. f4 g6 4. Nf3 Bg7 5. Bb5 Nd4 6. O-O Nxb5 7. Nxb5 d5 8.
exd5 a6 9. Nc3 Nf6 10. d4 Nxd5 11. dxc5 Nxc3 12. Qxd8+ Kxd8 13. bxc3 Bxc3 14.
Rb1 Kc7 15. Rb3 Bf6 16. Bd2 Be6 17. Ba5+ Kb8 18. Rb6 Rc8 19. Rfb1 Rxc5 20.
Rxb7+ Kc8 21. Bb4 Rxc2 22. Be1 Bxa2 23. R1b4 a5 24. R4b5 Bd5 25. Rxd5 Kxb7 26.
Bxa5 Kc6 27. Rd8 Rxd8 28. Bxd8 Ra2 29. Ne5+ Bxe5 30. fxe5 Kd7 31. Bb6 Ke6 32.
Bc5 Rc2 33. Ba3 Re2 0-1

[Event "55smm A Steinegg-Klausen"]
[Site "?"]
[Date "2024.01.27"]
[Round "6.3"]
[White "Bodrov, Timofey"]
[Black "Engl, Alexander"]
[Result "1-0"]
[WhiteElo "2111"]
[BlackElo "1845"]
[PlyCount "61"]
[EventDate "2024.01.24"]

1. e4 e6 2. d4 d5 3. Nc3 Bb4 4. e5 c5 5. a3 Bxc3+ 6. bxc3 Qc7 7. Nf3 b6 8. Bb5+
Nc6 9. Bd3 Nge7 10. O-O Bd7 11. Re1 c4 12. Bf1 h6 13. g3 O-O-O 14. Nh4 g5 15.
Ng2 Rdg8 16. Ne3 h5 17. a4 Nf5 18. Nxf5 exf5 19. Ba3 Nd8 20. a5 b5 21. Bd6 Qc6
22. a6 h4 23. Qb1 hxg3 24. hxg3 f4 25. Bg2 Ne6 26. Qb4 Rh6 27. Ra5 Nc7 28. Rb1
Rhh8 29. Bxc7 Kxc7 30. Rxb5 Qxb5 31. Qd6+ 1-0

[Event "55smm A Steinegg-Klausen"]
[Site "?"]
[Date "2024.01.27"]
[Round "6.4"]
[White "Lantschner, Carmen"]
[Black "Seebacher, Reinhard"]
[Result "1-0"]
[WhiteElo "1642"]
[BlackElo "1931"]
[PlyCount "89"]
[EventDate "2024.01.24"]

1. e4 c6 2. d4 d5 3. exd5 cxd5 4. Bd3 Nf6 5. Nf3 Bg4 6. h3 Bxf3 7. Qxf3 Nc6 8.
c3 e6 9. Bf4 Bd6 10. Nd2 O-O 11. O-O Rc8 12. Rac1 Qc7 13. Bxd6 Qxd6 14. Bb1 Na5
15. Rfd1 Rc7 16. Qd3 Rfc8 17. Nf3 Nc4 18. Rc2 Ne4 19. Re1 Qf4 20. Rce2 Nxb2 21.
Rxb2 Rxc3 22. Qe2 Rc1 23. Rxb7 Nc3 24. Qd3 g6 25. g3 Rxe1+ 26. Nxe1 Qc1 27. Kf1
Ne4 28. Bc2 Rc3 29. Qd1 Qa3 30. Rb8+ Kg7 31. Bxe4 dxe4 32. Qe2 Qd6 33. Rb3 Rxb3
34. axb3 Qxd4 35. Nc2 Qd5 36. b4 f5 37. Ne3 Qd7 38. Nc4 Qb5 39. Qb2+ Kh6 40.
Qc3 e5 41. Kg2 f4 42. Nxe5 f3+ 43. Kg1 Qd5 44. Ng4+ Kg5 45. Qf6+ 1-0

[Event "55smm A Steinegg-Klausen"]
[Site "?"]
[Date "2024.01.27"]
[Round "6.5"]
[White "Schrott, Karl"]
[Black "Schroffenegger, Simon"]
[Result "1-0"]
[WhiteElo "1927"]
[BlackElo "1581"]
[PlyCount "46"]
[EventDate "2024.01.24"]

1. d4 d5 2. c4 e6 3. Nc3 Nf6 4. Nf3 Nbd7 5. e3 c6 6. Bd3 dxc4 7. Bxc4 Bb4 8.
O-O O-O 9. a3 Ba5 10. b4 Bc7 11. e4 a6 12. Re1 e5 13. d5 Nb6 14. Bb3 Bg4 15. h3
Bxf3 16. Qxf3 cxd5 17. exd5 e4 18. Nxe4 Nxe4 19. Rxe4 Nxd5 20. Bb2 Nf6 21. Rd1
Qxd1+ 22. Qxd1 Nxe4 23. Qc2 Nxf2 1-0

[Event "55smm A Steinegg-Klausen"]
[Site "?"]
[Date "2024.01.27"]
[Round "6.6"]
[White "Schgaguler, Guenther"]
[Black "Schrott, Johann"]
[Result "0-1"]
[WhiteElo "1487"]
[BlackElo "1763"]
[PlyCount "58"]
[EventDate "2024.01.24"]

1. e4 c5 2. Nc3 Nc6 3. Bb5 d6 4. f4 e6 5. Nf3 Nf6 6. O-O Be7 7. d3 O-O 8. Bxc6
bxc6 9. Qe1 Qb6 10. Kh1 a5 11. Qg3 Qd8 12. Qh3 Ne8 13. Nd1 f5 14. Nf2 Ra7 15.
Bd2 Rf6 16. g4 Rh6 17. Qg2 fxg4 18. Nxg4 Rg6 19. f5 exf5 20. exf5 Bxf5 21. Nh6+
gxh6 22. Qf2 Be6 23. Rg1 Bg5 24. Bc3 Bd5 25. h3 Rf7 26. Rg3 Bh4 27. Rxg6+ hxg6
28. Qg1 Bxf3+ 29. Kh2 Qg5 0-1

[Event "55smm B Arci2-Ridnaun"]
[Site "?"]
[Date "2024.01.27"]
[Round "6.3"]
[White "Sparber, Werner"]
[Black "Pichler, Klaus"]
[Result "1-0"]
[WhiteElo "1645"]
[BlackElo "1767"]
[PlyCount "25"]
[EventDate "2024.01.24"]

1. d4 b6 2. c4 Bb7 3. Nc3 e6 4. e4 Bb4 5. Bd3 f5 6. d5 Bxc3+ 7. bxc3 fxe4 8.
Bxe4 Nf6 9. Bg5 Qe7 10. d6 Bxe4 11. dxe7 Bxg2 12. Bxf6 gxf6 13. Qg4 1-0

[Event "55smm B Arci2-Ridnaun"]
[Site "?"]
[Date "2024.01.27"]
[Round "6.5"]
[White "Giorgione, Roberto"]
[Black "Pastrana, Medina Christofer J"]
[Result "0-1"]
[WhiteElo "1493"]
[BlackElo "1534"]
[PlyCount "108"]
[EventDate "2024.01.24"]

1. e4 c5 2. d3 Nc6 3. c3 d5 4. Qc2 d4 5. Nf3 e5 6. Be2 Bd6 7. Nbd2 Nge7 8. a3
a5 9. O-O O-O 10. a4 f5 11. Ng5 Qe8 12. Qb3+ Kh8 13. Nc4 Bc7 14. Qc2 f4 15. Nf3
h6 16. Qd1 g5 17. Kh1 Qg6 18. Ne1 g4 19. f3 g3 20. h3 Qh5 21. Kg1 Bxh3 22. gxh3
Qxh3 23. Rf2 gxf2+ 24. Kxf2 Rg8 25. Bf1 Qg3+ 26. Ke2 Qh2+ 27. Ng2 Rxg2+ 28.
Bxg2 Qxg2+ 29. Ke1 Rg8 30. Nd2 Rg3 31. Qe2 Qxe2+ 32. Kxe2 h5 33. Kf2 h4 34. Nf1
Rg5 35. Nh2 Nd8 36. Bd2 Ng6 37. Rh1 Nf7 38. Ng4 Kg7 39. Kg2 Nh6 40. Kh3 Nxg4
41. fxg4 Bd8 42. Rf1 Nf8 43. Be1 Rg6 44. cxd4 cxd4 45. Rf2 Rc6 46. Rd2 Be7 47.
Rf2 b6 48. Kg2 Rc1 49. Bd2 Rc2 50. Be1 Rxf2+ 51. Bxf2 Ne6 52. Be1 Nc5 53. b4
Nxd3 54. Bd2 Bxb4 0-1

[Event "55smm B Arci3-Lana"]
[Site "?"]
[Date "2024.01.27"]
[Round "6.1"]
[White "Kofler, Albin Ernst"]
[Black "Feichter, Matthias"]
[Result "0-1"]
[WhiteElo "1472"]
[BlackElo "1564"]
[PlyCount "51"]
[EventDate "2024.01.24"]

1. Nf3 c5 2. g3 Nc6 3. Bg2 d5 4. d4 Nf6 5. O-O cxd4 6. Nxd4 e5 7. Nxc6 bxc6 8.
c4 Bb7 9. cxd5 cxd5 10. Bg5 Be7 11. Nc3 e4 12. Rc1 O-O 13. Be3 Ng4 14. Bd4 Bf6
15. Bxf6 Nxf6 16. Nb5 Qb6 17. Nd4 Rac8 18. Qd2 Rxc1 19. Rxc1 Rc8 20. e3 Nd7 21.
Rxc8+ Bxc8 22. Bh3 Qc5 23. b4 Qc4 24. Nf5 Ne5 25. Qb2 Nf3+ 26. Kh1 0-1

[Event "55smm B Groeden2-Taufers"]
[Site "?"]
[Date "2024.01.27"]
[Round "6.1"]
[White "Holzer, Philipp"]
[Black "Alam, Syed Mahbubul"]
[Result "0-1"]
[WhiteElo "1859"]
[BlackElo "1935"]
[PlyCount "102"]
[EventDate "2024.01.24"]

1. e4 c5 2. Nf3 d6 3. d4 cxd4 4. c3 d3 5. Bxd3 Nc6 6. O-O Bg4 7. Be3 Nf6 8.
Nbd2 e6 9. h3 Bh5 10. Qb3 Qc7 11. Nd4 d5 12. Rfe1 Be7 13. Bg5 Bg6 14. Bxf6 Bxf6
15. Nb5 Qd8 16. exd5 Bxd3 17. dxe6 O-O 18. exf7+ Rxf7 19. Ne4 Bxb5 20. Qxb5 Qb6
21. a4 Raf8 22. Rad1 Bd8 23. Kh1 Bc7 24. f3 h6 25. Rd5 Ne7 26. a5 Qxb5 27. Rxb5
b6 28. axb6 axb6 29. Ra1 Nf5 30. Kg1 Ng3 31. Nxg3 Bxg3 32. Rxb6 h5 33. Re6 Rd7
34. Kf1 Rfd8 35. Ke2 Rd2+ 36. Ke3 Rxb2 37. Ra5 h4 38. f4 Rxg2 39. f5 Rc2 40.
Rc6 Be1 41. Ra3 Rh2 42. f6 Rxh3+ 43. Kf4 Rf8 44. Ra7 Rxc3 45. Rxg7+ Kh8 46.
Rxc3 Bxc3 47. Rg6 Bxf6 48. Kg4 Kh7 49. Kh5 h3 50. Rg3 h2 51. Rh3 Be5 0-1

[Event "55smm B Groeden2-Taufers"]
[Site "?"]
[Date "2024.01.27"]
[Round "6.4"]
[White "Knottner, Klaus"]
[Black "Haidacher, Gerold"]
[Result "1/2-1/2"]
[WhiteElo "1631"]
[BlackElo "1777"]
[PlyCount "175"]
[EventDate "2024.01.24"]

1. e4 e5 2. Nf3 Nc6 3. Bb5 a6 4. Ba4 Nf6 5. O-O Be7 6. Re1 b5 7. Bb3 d6 8. c3
O-O 9. h3 Na5 10. Bc2 c5 11. d4 Qc7 12. Nbd2 cxd4 13. cxd4 Nc6 14. d5 Nb4 15.
Bb1 a5 16. a3 Na6 17. Bd3 Bd7 18. b3 Rfc8 19. Bb2 Nc5 20. Bf1 Qb6 21. Rc1 Rc7
22. Qe2 Rac8 23. Qe3 Qb7 24. Red1 Na6 25. Ne1 Nh5 26. Kh2 Nf4 27. g3 Bg5 28.
Rxc7 Rxc7 29. Qf3 Ng6 30. Qe2 Nc5 31. Nef3 Bd8 32. Qe3 Rc8 33. Rc1 Bb6 34. Qe2
Rf8 35. b4 Na4 36. Ba1 Rc8 37. Rxc8+ Qxc8 38. Nb3 axb4 39. axb4 Ba7 40. Ne1 Nb6
41. Na5 Nc4 42. Nxc4 bxc4 43. Qxc4 Bxf2 44. Qxc8+ Bxc8 45. Nc2 f5 46. Kg2 Bb6
47. Bd3 fxe4 48. Bxe4 Ne7 49. Na3 Ba6 50. b5 Bb7 51. Nc4 Bc5 52. Na5 Bxd5 53.
Bxd5+ Nxd5 54. Nb7 Bb4 55. Kf3 Nc7 56. Ke4 Nxb5 57. Kd5 Bc3 58. Bxc3 Nxc3+ 59.
Kxd6 e4 60. Nc5 e3 61. Ke5 Ne2 62. Ke4 Nxg3+ 63. Kxe3 Kf7 64. Kf4 Nh5+ 65. Kf3
Nf6 66. Nd3 Kg6 67. Nf4+ Kf5 68. Ng2 Kg5 69. Kg3 Kf5 70. Kf3 g6 71. Ke3 g5 72.
Kf3 Kg6 73. Ke3 Kh5 74. Kf3 h6 75. Kg3 Nd5 76. Kf3 Kg6 77. Kg3 Kf5 78. Kf3 h5
79. Kg3 Ke4 80. Ne1 Ne3 81. Kf2 g4 82. hxg4 hxg4 83. Kg3 Kf5 84. Nd3 Nf1+ 85.
Kg2 Nd2 86. Kg3 Ne4+ 87. Kg2 Kg5 88. Ne5 1/2-1/2

[Event "55smm B Merania-Klausen2"]
[Site "?"]
[Date "2024.01.27"]
[Round "6.2"]
[White "Lami, Damiano"]
[Black "Pfeifhofer, Helmuth"]
[Result "1-0"]
[WhiteElo "2056"]
[BlackElo "1637"]
[PlyCount "73"]
[EventDate "2024.01.24"]

1. e4 Nf6 2. Nc3 d5 3. exd5 Nxd5 4. Bc4 c6 5. d3 g6 6. Qf3 Be6 7. Nge2 Bg7 8.
Ne4 O-O 9. O-O Nd7 10. Ng5 Ne5 11. Qg3 Bg4 12. f3 Bc8 13. Bb3 b5 14. a4 Qa5 15.
Kh1 b4 16. Qh4 h5 17. d4 Qa6 18. dxe5 Qxe2 19. Re1 Qa6 20. Bc4 Qb6 21. a5 Qc5
22. Ne4 Qxc4 23. Nf6+ exf6 24. Qxc4 Be6 25. exf6 Bxf6 26. Qxc6 Rac8 27. Qa6
Rxc2 28. Rxe6 Nc7 29. Qd3 Nxe6 30. Qxc2 Nd4 31. Qd3 Rd8 32. Be3 Nf5 33. Qxd8+
Bxd8 34. Bxa7 Bf6 35. a6 Bxb2 36. Rb1 Bc3 37. Bg1 1-0

[Event "55smm B Merania-Klausen2"]
[Site "?"]
[Date "2024.01.27"]
[Round "6.5"]
[White "Steger, Andreas"]
[Black "Wild, Alex"]
[Result "1/2-1/2"]
[WhiteElo "1477"]
[BlackElo "1576"]
[PlyCount "46"]
[EventDate "2024.01.24"]

1. d4 d5 2. c4 e5 3. e3 exd4 4. Qxd4 Nf6 5. Nf3 Nc6 6. Qd1 Bb4+ 7. Bd2 O-O 8.
a3 Bxd2+ 9. Nbxd2 Re8 10. cxd5 Nxd5 11. Bc4 Bg4 12. O-O Ne5 13. Be2 c6 14. Nxe5
Bxe2 15. Qxe2 Rxe5 16. Nf3 Re8 17. Rfd1 Qf6 18. Rd4 Re7 19. Qd2 Rae8 20. Rd1 h6
21. h3 Re6 22. Qc2 Qe7 23. Qd3 g6 1/2-1/2

[Event "55smm B Naturns-Tramin/Kaltern2"]
[Site "?"]
[Date "2024.01.27"]
[Round "6.1"]
[White "Unterkofler, Alex"]
[Black "Unterthurner, Hans"]
[Result "0-1"]
[WhiteElo "1756"]
[BlackElo "1905"]
[PlyCount "89"]
[EventDate "2024.01.24"]

1. e4 e6 2. d4 d5 3. exd5 exd5 4. Nf3 Bd6 5. Be2 Ne7 6. O-O O-O 7. c4 dxc4 8.
Bxc4 Nd7 9. Nc3 c6 10. Ne4 Nb6 11. Bd3 Nbd5 12. Bg5 Bf4 13. Bh4 Bf5 14. Re1 Qc7
15. Bxe7 Nxe7 16. g3 Bh6 17. Qc2 Bg6 18. Rad1 Nd5 19. a3 Rad8 20. Ne5 Rfe8 21.
f4 Bf5 22. Ng5 Bxd3 23. Qxd3 Bxg5 24. fxg5 Re7 25. Qb3 Qb6 26. Qxb6 Nxb6 27. h4
Kf8 28. Kg2 Na4 29. b3 Nc3 30. Rd3 Nb5 31. Re4 Nxa3 32. Kf3 Nb5 33. Kf4 Rde8
34. Ree3 Nc7 35. Kg4 Nd5 36. Rf3 Kg8 37. Rd1 c5 38. Rdf1 cxd4 39. Nc4 Rd8 40.
Rd1 b5 41. Na5 Ne3+ 42. Rxe3 Rxe3 43. Nc6 Rd6 44. Nxa7 Rxb3 45. Ra1 0-1

[Event "55smm B Naturns-Tramin/Kaltern2"]
[Site "?"]
[Date "2024.01.27"]
[Round "6.2"]
[White "Gurschler, Gregor"]
[Black "Martinelli, Michele"]
[Result "1-0"]
[WhiteElo "1768"]
[BlackElo "1713"]
[PlyCount "71"]
[EventDate "2024.01.24"]

1. e4 d6 2. d4 g6 3. Nf3 Bg7 4. Nc3 Nf6 5. Be2 O-O 6. O-O Nc6 7. Bg5 h6 8. Be3
Ng4 9. Bc1 e5 10. d5 Ne7 11. h3 Nf6 12. Be3 Ne8 13. Qd2 Kh7 14. Nh2 f5 15. f3
f4 16. Bf2 Ng8 17. Nb5 a6 18. Na3 Bf6 19. c4 Bh4 20. Bd3 Ng7 21. b4 Nh5 22. c5
Bxf2+ 23. Qxf2 Ng3 24. Rfc1 Qh4 25. cxd6 cxd6 26. Nc4 Nf6 27. Nxd6 Bxh3 28.
gxh3 Qxh3 29. Rc7+ Kg8 30. Nxb7 g5 31. Qg2 Qh5 32. d6 Kh8 33. Rac1 Rg8 34. Bc4
g4 35. Bxg8 Rxg8 36. Rc8 1-0

[Event "55smm A Klausen-Ehrenburg"]
[Site "?"]
[Date "2024.02.10"]
[Round "7.1"]
[White "Wohlfahrt, Herbert"]
[Black "Schacher, Gerd"]
[Result "1-0"]
[WhiteElo "2329"]
[BlackElo "2253"]
[PlyCount "155"]
[EventDate "2024.02.10"]

1. Nf3 g6 2. d4 f5 3. c4 Nf6 4. Nc3 Bg7 5. e3 O-O 6. Be2 d6 7. b4 e5 8. dxe5
dxe5 9. Qb3 e4 10. Nd4 Nc6 11. Nxc6 bxc6 12. Ba3 Qe8 13. O-O Be6 14. Na4 Nd7
15. Bb2 Bxb2 16. Qxb2 Nb6 17. Qc2 Qf7 18. Nb2 a5 19. a3 Qd7 20. Qc3 Qg7 21.
Qxg7+ Kxg7 22. b5 c5 23. Rfd1 Rfd8 24. Kf1 Kf6 25. Ke1 Rd6 26. f3 exf3 27. Bxf3
Rad8 28. Rxd6 cxd6 29. Rc1 g5 30. Bc6 h5 31. Kd2 h4 32. Kc3 g4 33. Rd1 Ke7 34.
Rf1 Rg8 35. e4 fxe4 36. Bxe4 g3 37. h3 Rf8 38. Re1 Rf6 39. Bd5 Kf7 40. Bxe6+
Rxe6 41. Nd3 Rf6 42. Re4 Rf1 43. Rf4+ Rxf4 44. Nxf4 Kf6 45. Kd3 a4 46. Ne2 Ke6
47. Nc3 Ke5 48. Nb1 d5 49. Nd2 Kd6 50. cxd5 Kxd5 51. Nf3 c4+ 52. Kc2 Kc5 53.
Nxh4 Nd5 54. Nf5 Nf4 55. Nxg3 Nxg2 56. Ne4+ Kxb5 57. Nc3+ Kc5 58. Nxa4+ Kd4 59.
Kb2 Nh4 60. Kc2 Nf3 61. Kb2 Nd2 62. h4 Ke5 63. Nb6 Kf4 64. a4 Nb3 65. Kc3 Kg4
66. Kxc4 Na5+ 67. Kb5 Nb3 68. Nd7 Kxh4 69. Ne5 Nd4+ 70. Kb6 Nc2 71. a5 Nb4 72.
Nd3 Nd5+ 73. Kc5 Ne7 74. a6 Nc8 75. Ne5 Kg5 76. Nf7+ Kf6 77. Nd6 Na7 78. Kb6
1-0

[Event "55smm A Klausen-Ehrenburg"]
[Site "?"]
[Date "2024.02.10"]
[Round "7.2"]
[White "Seebacher, Michael"]
[Black "Lerch, Johannes"]
[Result "1/2-1/2"]
[WhiteElo "2087"]
[BlackElo "2119"]
[PlyCount "92"]
[EventDate "2024.02.10"]

1. e4 e5 2. Nf3 Nc6 3. Bc4 Nf6 4. d4 exd4 5. O-O Nxe4 6. Re1 d5 7. Bxd5 Qxd5 8.
Nc3 Qd7 9. Nxe4 Be7 10. Bg5 O-O 11. Bxe7 Nxe7 12. Qxd4 Qxd4 13. Nxd4 Nf5 14.
Rad1 Nxd4 15. Rxd4 b6 16. f3 Bf5 17. Ng3 Be6 18. a3 Rad8 19. Red1 Rxd4 20. Rxd4
Re8 21. Kf2 f6 22. c3 Kf7 23. Rd2 g5 24. Ne2 h5 25. Nd4 Bd7 26. Nc2 Bb5 27. Nd4
Bd7 28. Nc2 Bb5 29. Nd4 Rd8 30. Nb3 Rxd2+ 31. Nxd2 Ke6 32. Ke3 c5 33. f4 Kf5
34. fxg5 fxg5 35. g3 Bc6 36. Kf2 Bd5 37. Ke3 h4 38. Kf2 Kg4 39. Nf1 Kh3 40.
gxh4 Kxh4 41. Ne3 Bc6 42. Nc4 Kh3 43. Kg1 Bb5 44. Nd6 Ba6 45. b4 cxb4 46. axb4
b5 1/2-1/2

[Event "55smm A Klausen-Ehrenburg"]
[Site "?"]
[Date "2024.02.10"]
[Round "7.3"]
[White "Hengl, Christian"]
[Black "Bodrov, Timofey"]
[Result "0-1"]
[WhiteElo "2125"]
[BlackElo "2111"]
[PlyCount "104"]
[EventDate "2024.02.10"]

1. e4 e6 2. d4 d5 3. exd5 exd5 4. Bd3 Nc6 5. c3 Bd6 6. Ne2 Nge7 7. Qc2 Bg4 8.
O-O Qd7 9. f3 Bf5 10. Bf4 Bxd3 11. Qxd3 O-O 12. Nd2 Rfe8 13. Bxd6 Qxd6 14. Rfe1
Ng6 15. Nf1 Re6 16. Qd2 Rae8 17. Neg3 Qf4 18. Rxe6 Rxe6 19. Rd1 Nce7 20. Qxf4
Nxf4 21. Rd2 Re1 22. Kf2 Ra1 23. Ne2 Nxe2 24. Rxe2 Kf8 25. a3 Rb1 26. Ne3 c6
27. Rd2 Nc8 28. Ke2 Nb6 29. Rc2 g6 30. Kd2 Ke7 31. Ke2 Ke6 32. Kf2 h5 33. Ke2
h4 34. Kd2 Rh1 35. h3 Rb1 36. Ke2 Na4 37. Nd1 Kf5 38. Rd2 Kf4 39. Kf2 a6 40. c4
dxc4 41. d5 cxd5 42. Rxd5 Nxb2 43. Rd4+ Kg5 44. Nc3 Rc1 45. Ne4+ Kh6 46. Nd6 c3
47. Nxf7+ Kg7 48. Ne5 c2 49. Rd7+ Kf6 50. Ng4+ Ke6 51. Rc7 Kd6 52. Rc3 Nd1+ 0-1

[Event "55smm A Klausen-Ehrenburg"]
[Site "?"]
[Date "2024.02.10"]
[Round "7.4"]
[White "Seebacher, Reinhard"]
[Black "Jedinger, Andreas"]
[Result "0-1"]
[WhiteElo "1931"]
[BlackElo "2114"]
[PlyCount "74"]
[EventDate "2024.02.10"]

1. e4 c5 2. Nf3 d6 3. d4 cxd4 4. Qxd4 Nc6 5. Bb5 Bd7 6. Bxc6 Bxc6 7. O-O Nf6 8.
Nc3 e6 9. Bg5 Be7 10. Rad1 Qc7 11. Rfe1 O-O 12. e5 dxe5 13. Nxe5 Rfd8 14. Qh4
Rxd1 15. Nxd1 Rd8 16. Ng4 Nd5 17. c4 Bxg5 18. Qxg5 Qe7 19. Nh6+ Kf8 20. Nxf7
Kxf7 21. Qh5+ g6 22. Qxh7+ Kf6 23. Qh4+ Kg7 24. Qg3 Nf6 25. Ne3 Qd6 26. Qg5 b6
27. h3 Qc5 28. Qg3 Ne4 29. Qc7+ Rd7 30. Qc8 Nxf2 31. Kxf2 Rd2+ 32. Kg1 Rxg2+
33. Kf1 Rd2 34. Qc7+ Rd7 35. Qh2 Rf7+ 36. Ke2 Qd4 37. Qg1 Qxb2+ 0-1